| Tag |
First Indicator |
Second Indicator |
Subfields |
| LEADER |
00000cam a2200000 i 4500 |
| 001 |
in00005757635 |
| 005 |
20260326211919.7 |
| 006 |
m o d |
| 007 |
cr cnu|||unuuu |
| 008 |
141105s1988 enka o 100 0 eng d |
| 010 |
|
|
|z 88193370
|
| 040 |
|
|
|a N$T
|b eng
|e rda
|e pn
|c N$T
|d EBLCP
|d OPELS
|d OCLCF
|d N$T
|d YDXCP
|d DEBSZ
|d OCLCO
|d OCL
|d OCLCO
|d MERUC
|d OCLCQ
|d UKAHL
|d OCLCQ
|d OCLCO
|d COM
|d OCLCO
|d OCLCQ
|d OCLCO
|d OCLCL
|d OCLCQ
|d OCLCL
|d COA
|
| 019 |
|
|
|a 1340117586
|
| 020 |
|
|
|a 9781483147574
|q (electronic bk.)
|
| 020 |
|
|
|a 1483147576
|q (electronic bk.)
|
| 020 |
|
|
|z 9780080362328
|
| 020 |
|
|
|a 008036232X
|
| 020 |
|
|
|a 9780080362328
|
| 024 |
8 |
|
|a (WaSeSS)ssj0001063567
|
| 035 |
|
|
|a (OCoLC)894510583
|z (OCoLC)1340117586
|
| 050 |
|
4 |
|a TA357
|b .B43 1988
|
| 072 |
|
7 |
|a TEC
|x 009000
|2 bisacsh
|
| 072 |
|
7 |
|a TEC
|x 035000
|2 bisacsh
|
| 082 |
0 |
4 |
|a 620.106
|
| 049 |
|
|
|a TXAM
|
| 111 |
2 |
|
|a Beijing International Conference on Fluid Mechanics
|d (1987)
|
| 245 |
1 |
0 |
|a Frontiers of fluid mechanics :
|b proceedings of the Beijing International Conference on Fluid Mechanics, Beijing, People's Republic of China, 1-4 July 1987 /
|c edited by Shen Yuan.
|
| 264 |
|
1 |
|a Oxford ;
|a New York :
|b Pergamon Press :
|b Peking University Press,
|c 1988.
|
| 300 |
|
|
|a 1 online resource (1265 pages) :
|b illustrations
|
| 336 |
|
|
|a text
|b txt
|2 rdacontent
|
| 337 |
|
|
|a computer
|b c
|2 rdamedia
|
| 338 |
|
|
|a online resource
|b cr
|2 rdacarrier
|
| 347 |
|
|
|a text file
|2 rdaft
|0 http://rdaregistry.info/termList/fileType/1002.
|
| 588 |
0 |
|
|a Print version record.
|
| 504 |
|
|
|a Includes bibliographies and index.
|
| 650 |
|
0 |
|a Fluid mechanics
|v Congresses.
|
| 650 |
|
6 |
|a Mécanique des fluides
|v Congrès.
|
| 650 |
|
7 |
|a TECHNOLOGY & ENGINEERING
|x Engineering (General)
|2 bisacsh
|
| 650 |
|
7 |
|a TECHNOLOGY & ENGINEERING
|x Reference.
|2 bisacsh
|
| 650 |
|
7 |
|a Fluid mechanics
|2 fast
|
| 655 |
|
7 |
|a Electronic books.
|2 local
|
| 655 |
|
2 |
|a Congress
|
| 655 |
|
7 |
|a proceedings (reports)
|2 aat
|
| 655 |
|
7 |
|a Conference papers and proceedings
|2 fast
|
| 655 |
|
7 |
|a Conference papers and proceedings.
|2 lcgft
|
| 655 |
|
7 |
|a Actes de congrès.
|2 rvmgf
|
| 700 |
1 |
|
|a Shen, Yuan,
|d 1916-
|e editors.
|1 https://id.oclc.org/worldcat/entity/E39PCjt8QrRRtBct9XbGTp47wP
|
| 710 |
2 |
|
|a ScienceDirect (Online service)
|
| 758 |
|
|
|i has work:
|a Frontiers of fluid mechanics (Text)
|1 https://id.oclc.org/worldcat/entity/E39PCGF8t7W3Wbg3BcbGPBCDC3
|4 https://id.oclc.org/worldcat/ontology/hasWork
|
| 776 |
0 |
8 |
|i Print version:
|a Beijing International Conference on Fluid Mechanics (1987).
|t Frontiers of fluid mechanics.
|b 1st ed.
|d Oxford ; New York : Pergamon Press ; Beijing : Peking University Press, 1988
|z 008036232X
|w (DLC) 88193370
|w (OCoLC)19124488
|
| 856 |
4 |
0 |
|u http://proxy.library.tamu.edu/login?url=https://www.sciencedirect.com/science/book/9780080362328
|z Connect to the full text of this electronic book
|t 0
|
| 955 |
|
|
|a Elsevier ScienceDirect 2026-2027
|
| 994 |
|
|
|a 92
|b TXA
|
| 999 |
f |
f |
|i 7a232495-ef00-408d-8c2c-28da349d8f53
|s 3bc4b2be-4c4c-4b7c-8fb1-930031ab8f47
|t 0
|
| 952 |
f |
f |
|a Texas A&M University
|b College Station
|c Electronic Resources
|s www_evans
|d Available Online
|t 0
|e TA357 .B43 1988
|h Library of Congress classification
|
| 998 |
f |
f |
|a TA357 .B43 1988
|t 0
|l Available Online
|